Milk and its products / (Record no. 134776)

MARC details
000 -LEADER
fixed length control field 00700nam a22002297a 4500
005 - DATE AND TIME OF LATEST TRANSACTION
control field 20170124110233.0
010 ## - LIBRARY OF CONGRESS CONTROL NUMBER
LC control number B-227439
020 ## - INTERNATIONAL STANDARD BOOK NUMBER
Terms of availability 650.00
International Standard Book Number 8189000470
035 ## - SYSTEM CONTROL NUMBER
System control number B-227439
037 ## - SOURCE OF ACQUISITION
Source of stock number/acquisition Cen Lib/Ret
040 ## - CATALOGING SOURCE
Original cataloging agency DPL
Language of cataloging EN
082 ## - DEWEY DECIMAL CLASSIFICATION NUMBER
Classification number 637
Item number KAP
100 ## - MAIN ENTRY--PERSONAL NAME
Personal name Kapoor, Ajay
9 (RLIN) 34042
245 ## - TITLE STATEMENT
Title Milk and its products /
Statement of responsibility, etc by Ajay Kapoor
260 ## - PUBLICATION, DISTRIBUTION, ETC. (IMPRINT)
Place of publication, distribution, etc New Delhi
Name of publisher, distributor, etc Vishvabharti publications
Date of publication, distribution, etc 2005
270 ## - ADDRESS
City New Delhi
Address 4378/4B Ansari road, Daryaganj
Postal code 110002
300 ## - PHYSICAL DESCRIPTION
Extent 281p.
Dimensions 23cm(Hb)
500 ## - GENERAL NOTE
General note Includes bibliographical references and index
650 ## - SUBJECT ADDED ENTRY--TOPICAL TERM
Topical term or geographic name as entry element Dairy processing
9 (RLIN) 34043
650 ## - SUBJECT ADDED ENTRY--TOPICAL TERM
Topical term or geographic name as entry element Milk production
General subdivision
9 (RLIN) 41736
942 ## - ADDED ENTRY ELEMENTS (KOHA)
Source of classification or shelving scheme Dewey Decimal Classification
Koha item type English Books
Classification part 637
Call number suffix KAP
Holdings
Withdrawn status Lost status Damaged status Not for loan Home library Current library Date acquired Source of acquisition Cost, normal purchase price Total Checkouts Full call number Barcode Date last seen Copy number Cost, replacement price Price effective from Koha item type Public note
Written off       Central Library Central Library 31/07/2015 Cen Lib/Ret 650.00   637 KAP B-227439 31/07/2015 1 650.00 31/07/2015 English Books Written off on approval by DLB (By Circulation); dtd 15-06-2023

© Delhi Public Library
Hit Counter
free hit counter